Sports Quiz

Random Sports or NCAA Quiz

MVC Quiz Stats

 Plays Quiz Updated Oct 19, 2016

Also try: Mountain-West
Challenge
Share
Tweet
Score 0/20 Timer 05:00
7 Plays Today
% Correct
Missouri State
72.2%
Southern Illinois
69.3%
Northern Iowa
68.1%
Drake
67.5%
Illinois State
67.2%
Indiana State
66.3%
Bradley
64.7%
Salukis
59%
Bulldogs
57.3%
Bears
57.3%
% Correct
Evansville
57%
Panthers
52.9%
Redbirds
52.6%
Sycamores
52.2%
Braves
52.2%
Purple Aces
42%
Valparaiso
38.3%
Loyola-Chicago
34.2%
Crusaders
32.2%
Ramblers
30.2%

You're not logged in!

Compare scores with friends on all Sporcle quizzes.
Join for Free
OR
Log In

You Might Also Like...

Show Comments

Extras

Top Quizzes Today


Score Distribution

Your Account Isn't Verified!

In order to create a playlist on Sporcle, you need to verify the email address you used during registration. Go to your Sporcle Settings to finish the process.

Report this User

Report this user for behavior that violates our Community Guidelines.

Details: